Applications of nonwovens in technical textiles / (Record no. 128404)

MARC details
000 -LEADER
fixed length control field 01550cam a2200277Ia 4500
008 - FIXED-LENGTH DATA ELEMENTS--GENERAL INFORMATION
fixed length control field
020 ## - INTERNATIONAL STANDARD BOOK NUMBER
International Standard Book Number 9781845694371 (hbk.)
049 ## - LOCAL HOLDINGS (OCLC)
Holding library MAIN
090 ## - LOCALLY ASSIGNED LC-TYPE CALL NUMBER (OCLC); LOCAL CALL NUMBER (RLIN)
Classification number (OCLC) (R) ; Classification number, CALL (RLIN) (NR) TS1828
Local cutter number (OCLC) ; Book number/undivided call number, CALL (RLIN) APP
003 - CONTROL NUMBER IDENTIFIER
control field
005 - DATE AND TIME OF LATEST TRANSACTION
control field 20230123122132.0
040 ## - CATALOGING SOURCE
Transcribing agency NUST
245 00 - TITLE STATEMENT
Title Applications of nonwovens in technical textiles /
Statement of responsibility, etc. edited by R.A. Chapman.
260 ## - PUBLICATION, DISTRIBUTION, ETC.
Place of publication, distribution, etc. Cambridge, U.K. :
Name of publisher, distributor, etc. Woodhead Publishing in association with the Textile Institute ;
Place of publication, distribution, etc. Boca Raton, Fla. :
Name of publisher, distributor, etc. CRC Press,
Date of publication, distribution, etc. 2010.
300 ## - PHYSICAL DESCRIPTION
Extent xviii, 212 p. :
Other physical details ill. ;
Dimensions 24 cm.
490 1# - SERIES STATEMENT
Series statement Woodhead publishing series in textiles ;
Volume/sequential designation 102.
504 ## - BIBLIOGRAPHY, ETC. NOTE
Bibliography, etc. note Includes bibliographical references.
500 ## - GENERAL NOTE
General note Includes index.
520 1# - SUMMARY, ETC.
Summary, etc. "The nonwoven fabrics industry is one of the fastest growing sectors of the textile business. Such fabrics have a broad spectrum of end uses, ranging from surgical garments to interior textiles. This book will discuss the recent advances in the nonwoven industry and will discuss the important range of technical nonwoven applications. Part 1 will briefly discuss the fundamental principles of nonwoven fabrics, such as the formation of nonwovens. Part 2 provides useful examples of how nonwoven materials can be used in a variety of textile products, such as apparel and interior textiles."--Google Books.
650 #0 - SUBJECT ADDED ENTRY--TOPICAL TERM
Topical term or geographic name entry element Nonwoven fabrics.
650 #0 - SUBJECT ADDED ENTRY--TOPICAL TERM
Topical term or geographic name entry element Industrial fabrics.
700 1# - ADDED ENTRY--PERSONAL NAME
Personal name Chapman, Roger.
710 2# - ADDED ENTRY--CORPORATE NAME
Corporate name or jurisdiction name as entry element Textile Institute (Manchester, England)
907 ## - LOCAL DATA ELEMENT G, LDG (RLIN)
a .b10353240
b 18-12-14
c 18-12-14
942 ## - ADDED ENTRY ELEMENTS (KOHA)
Koha item type Ordinary Loan Books
Call number prefix TS1828
Call number suffix APP
Holdings
Date last seen Total Checkouts Full call number Barcode Cost, replacement price Price effective from Koha item type Lost status Source of classification or shelving scheme Damaged status Not for loan Collection Withdrawn status Home library Current library Shelving location Date acquired Cost, normal purchase price
01/23/2023 4 TS1828 APP 92004040150 80.00 01/23/2023 BOOKS   LCC     NFIC   MAIN MAIN GEN 01/23/2023 80.00